1134 1330 1934 1564 1957 1843 1346 1883 1441 1501 1621 1263 1659 1639 1387 1830 1707 1043 1795 1950 1888 1024 1965 1942 1807 1183 1972 1573 1872 1510 1252 1781 1499 1598 1430 1045 1339 1551 1977 1709 1935 1210 1337 1537 1995 1469 1386 1205 1072 1178 1350 1820 1293 1994 1864 1053 1593 1704 1046 1140 1288 1288 1859 1559 1296 1433 1962 1336 1624 1525 1031 1284 1842 1556 1229 1930 1305 1191 1711 1094 1487 1653 1781 1704 1318 1892 1808 1975 1164 1538 1226 1911 1686 1696 1853 1402 1318 1789 1043 BCNSPRNW ULIB Ver.6.0+V

เปลี่ยนเป็นภาษาไทย

Change to English
 แสดงรายละเอียดบรรณานุกรม
  กลับหน้าหลัก

Brief Record : Get Marc (ISO 2709) : E-mail record : QR code < ปิดหน้าต่าง
LEADER : 00000nam 2200000uu 4500
001    13399120862
003     ULIB
008    121019s2553||||th 000 0 tha d
020    ^a9786167007298
090    ^aนว.^bฟ319ม
100    ^aฟ้าใส
245    ^aมนต์รักทะเลทราย /^cฟ้าใส
260    ^aกรุงเทพฯ :^blovejung,^c2553
300    ^a233 หน้า
945    ^p0^l0^i17060
999    ^aทศพร เกษรทอง
รายการนี้ยังไม่มีแท็ก
คุณยังไม่ได้ล็อกอิน คุณสามารถมีกิจกรรมร่วมกับเว็บไซต์ได้ แต่ต้องล็อกอินก่อน ::
  ล็อกอิน

รายการสื่อสารสนเทศ

ลำดับที่ ประเภท เลขเรียก/บาร์โค้ด สถานที่ สถานะ
1. นวนิยาย
นวนิยาย
นว. ฟ319ม  
  Barcode: 17060
ห้องสมุดวิทยาเขตสวรรค์ประชารักษ์
►นวนิยาย
บนชั้น
  ขอยืม

รายการใกล้เคียง
    ผู้แต่ง [ฟ้าใส]

BibComment


ยังไม่เคยถูกคอมเมนท์

คอมเมนท์ทรัพยากรรายการนี้
  คอมเมนท์: มนต์รักทะเลทราย ..


 Copyright 2026. Bcnsprnw @Library